000 00377 a2200157 4500
001 156082
040 _cEscola São Tomás de Aquino
100 _aBANDEIRA, Pedro
240 1 0 _aO mistério da fábrica de livros
_lpor
245 1 0 _aO mistério da fábrica de livros
300 _a96
362 0 _a2009
440 1 _aModerna
697 _a*LITERATURA INFANTO
942 _cBK
999 _c156082
_d156082